[Event "Gibtelecom AmatWk2 7th"]
[Site "Gibraltar"]
[Date "2009.02.01"]
[Round "1.5"]
[White "McGladdery, David G"]
[Black "Carlsen, Ellen Oen"]
[Result "0-1"]
[WhiteElo "1512"]
[BlackElo "1748"]
[PlyCount "78"]
[EventDate "2009.02.01"]
[EventType "swiss"]
[EventRounds "5"]
[EventCountry "GGB"]
[SourceTitle "BritBase"]
[Source "www.saund.co.uk"]
[SourceDate "2018.02.10"]
[SourceVersion "1"]
[SourceVersionDate "2018.02.10"]
[SourceQuality "1"]

1. Nf3 c5 2. c4 g6 3. e3 Bg7 4. Be2 Nc6 5. O-O Nf6 6. Nc3 O-O 7. d3 d5 8. cxd5
Nxd5 9. Ne4 b6 10. a3 Bb7 11. Rb1 Qd7 12. Bd2 Rac8 13. Qb3 Ne5 14. Neg5 Nxf3+
15. Nxf3 h6 16. e4 Nc7 17. Nh4 Kh7 18. Qd1 Rcd8 19. Be3 Ba6 20. Qb3 Bxd3 21.
Rfd1 c4 22. Qb4 Qe6 23. Bxd3 cxd3 24. Rbc1 Qd7 25. Qd2 Ne6 26. Kh1 Qb5 27. Rb1
Nc5 28. Bxc5 bxc5 29. f4 e5 30. f5 h5 31. Qg5 Qc6 32. Rf1 Qxe4 33. fxg6+ fxg6
34. Rbe1 Qg4 35. Qe7 d2 36. Nf3 dxe1=Q 37. Rxe1 Rd7 38. Qxc5 Rxf3 39. gxf3
Qxf3+ 0-1

[Event "Gibtelecom AmatWk2 7th"]
[Site "Gibraltar"]
[Date "2009.02.01"]
[Round "1.6"]
[White "Livesey, R Nigel"]
[Black "Escandell Atienza, Santiago"]
[Result "1-0"]
[WhiteElo "1744"]
[BlackElo "1485"]
[PlyCount "142"]
[EventDate "2009.02.01"]
[EventType "swiss"]
[EventRounds "5"]
[EventCountry "GGB"]
[SourceTitle "BritBase"]
[Source "www.saund.co.uk"]
[SourceDate "2018.02.10"]
[SourceVersion "1"]
[SourceVersionDate "2018.02.10"]
[SourceQuality "1"]

1. c4 Nf6 2. g3 e6 3. Bg2 c6 4. e4 d5 5. e5 Nfd7 6. cxd5 Nxe5 7. d4 Ng6 8. dxc6
Nxc6 9. Nf3 Bb4+ 10. Bd2 O-O 11. O-O Qb6 12. Be3 Rd8 13. Qe2 Qc7 14. Nc3 Ba5
15. Rfd1 Nge7 16. Rac1 Nd5 17. Nxd5 Rxd5 18. Ne5 Rd6 19. Nxc6 Rxc6 20. Bxc6
bxc6 21. Bf4 Qd7 22. Qe5 Bb6 23. Qd6 Qxd6 24. Bxd6 Bd7 25. Bc5 Bc7 26. b3 a6
27. Rc4 Bc8 28. Re1 Bb7 29. Re2 Re8 30. Rc1 f6 31. Rce1 Kf7 32. f4 g6 33. b4
Bc8 34. Kg2 Bd7 35. Re3 Bc8 36. h3 Bd7 37. Rf3 Bc8 38. g4 Bd7 39. a4 Bb8 40.
Rf2 Bc7 41. Kf3 Bb8 42. h4 h6 43. Rh1 Kg7 44. g5 h5 45. gxf6+ Kxf6 46. Rg2 Kf5
47. Rg5+ Kf6 48. Rhg1 Rg8 49. Rxh5 Rg7 50. Rh8 Bc7 51. Rf8+ Rf7 52. Rxf7+ Kxf7
53. Rh1 Kg7 54. h5 gxh5 55. Rxh5 Bc8 56. Ke4 Bd7 57. Rh1 Bb8 58. Rg1+ Kf7 59.
Rh1 Kg7 60. Rh5 Bc7 61. a5 Bc8 62. Rh4 Bd7 63. Kd3 Be8 64. Bb6 Bd6 65. Kc4 Bf7
66. Kc3 Be8 67. Bd8 Bd7 68. Bg5 Bc7 69. Rh6 Bb8 70. Kc4 Bc7 71. Kc5 Be8 1-0

[Event "Gibtelecom AmatWk2 7th"]
[Site "Gibraltar"]
[Date "2009.02.01"]
[Round "1.7"]
[White "Coats, Jon R"]
[Black "Vargas Salgado, Raul"]
[Result "1-0"]
[WhiteElo "1456"]
[BlackElo "1156"]
[PlyCount "101"]
[EventDate "2009.02.01"]
[EventType "swiss"]
[EventRounds "5"]
[EventCountry "GGB"]
[SourceTitle "BritBase"]
[Source "www.saund.co.uk"]
[SourceDate "2018.02.10"]
[SourceVersion "1"]
[SourceVersionDate "2018.02.10"]
[SourceQuality "1"]

1. Nf3 d5 2. b3 Nc6 3. e3 Bg4 4. Be2 Nf6 5. Bb2 e6 6. O-O Bd6 7. d3 O-O 8. Nbd2
Re8 9. c4 Qe7 10. a3 a6 11. b4 b6 12. Rc1 e5 13. cxd5 Nd8 14. Nc4 e4 15. dxe4
Qxe4 16. Nxd6 cxd6 17. Bxf6 gxf6 18. Rc4 Qf5 19. Rf4 Qd7 20. Rxf6 Qe7 21. Qd4
Bh5 22. Qf4 Nb7 23. h4 Bg6 24. Ng5 h6 25. h5 hxg5 26. Qxg5 Qe5 27. Qxe5 Rxe5
28. hxg6 fxg6 29. Rxg6+ Kh7 30. Bd3 Kh8 31. Rh6+ Kg8 32. Rc1 b5 33. e4 Kg7 34.
Re6 Rxe6 35. dxe6 Kf6 36. e7 Re8 37. Rc7 Rxe7 38. Rxe7 Kxe7 39. f4 Ke6 40. Kf2
Nd8 41. Ke3 Nf7 42. Kd4 Nh6 43. f5+ Ke7 44. Kd5 Nf7 45. Be2 Ne5 46. g4 Nf7 47.
Kc6 Ne5+ 48. Kb6 Nc4+ 49. Kxa6 Nxa3 50. Bxb5 Nxb5 51. Kxb5 1-0

[Event "Gibtelecom AmatWk2 7th"]
[Site "Gibraltar"]
[Date "2009.02.01"]
[Round "1.8"]
[White "Elhadad, Oussama"]
[Black "Haddock, Paul"]
[Result "1-0"]
[WhiteElo "1700"]
[BlackElo "1416"]
[PlyCount "63"]
[EventDate "2009.02.01"]
[EventType "swiss"]
[EventRounds "5"]
[EventCountry "GGB"]
[SourceTitle "BritBase"]
[Source "www.saund.co.uk"]
[SourceDate "2018.02.10"]
[SourceVersion "1"]
[SourceVersionDate "2018.02.10"]
[SourceQuality "1"]

1. e4 c5 2. Nf3 d6 3. d4 cxd4 4. Nxd4 Nf6 5. Nc3 g6 6. Be3 Bg7 7. f3 O-O 8. Qd2
Bd7 9. Bc4 Nc6 10. O-O-O Ne5 11. Bb3 Rc8 12. h4 h5 13. g4 Qa5 14. gxh5 Nxh5 15.
Rhg1 Kh7 16. Rg5 Bf6 17. Rh1 Rxc3 18. bxc3 Bxg5 19. hxg5 Kg7 20. Nf5+ Bxf5 21.
exf5 Nxf3 22. Qe2 Ne5 23. Rxh5 gxh5 24. Qxh5 Rh8 25. f6+ exf6 26. gxf6+ Kg8 27.
Qg6+ Kf8 28. Qg7+ Ke8 29. Qxh8+ Kd7 30. Bd4 Qa3+ 31. Kb1 a5 32. Bd5 1-0

[Event "Gibtelecom AmatWk2 7th"]
[Site "Gibraltar"]
[Date "2009.02.01"]
[Round "1.9"]
[White "O'Connell, Denis"]
[Black "Huba, Mark"]
[Result "1-0"]
[WhiteElo "1698"]
[BlackElo "1320"]
[PlyCount "104"]
[EventDate "2009.02.01"]
[EventType "swiss"]
[EventRounds "5"]
[EventCountry "GGB"]
[SourceTitle "BritBase"]
[Source "www.saund.co.uk"]
[SourceDate "2018.02.10"]
[SourceVersion "1"]
[SourceVersionDate "2018.02.10"]
[SourceQuality "1"]

1. e4 e6 2. Nf3 d5 3. Nc3 dxe4 4. Nxe4 Nf6 5. Nxf6+ Qxf6 6. d4 Nd7 7. Bg5 Qf5
8. Bd3 Qa5+ 9. c3 Bd6 10. O-O h6 11. b4 Qb6 12. Be3 Qc6 13. Qc2 Nf6 14. b5 Qd5
15. c4 Qh5 16. c5 Be7 17. Bf4 Nd5 18. Be5 Bf6 19. Rfe1 Bxe5 20. Rxe5 Qg4 21. h3
Qf4 22. Rae1 O-O 23. R1e4 Qf6 24. Rg4 Nf4 25. Qd2 Rd8 26. Rxf4 Qe7 27. Rh4 f6
28. Re1 e5 29. Qe3 Be6 30. dxe5 fxe5 31. Re4 Qd7 32. Nxe5 Qe8 33. Nc4 Qg6 34.
Rxe6 Qxd3 35. Qxd3 Rxd3 36. Re8+ Rxe8 37. Rxe8+ Kh7 38. Kf1 Rc3 39. Re4 Rc1+
40. Ke2 Rc2+ 41. Kf3 Rxa2 42. b6 cxb6 43. cxb6 a5 44. Re7 Ra4 45. Ne3 Rb4 46.
Rxb7 a4 47. Ra7 Rxb6 48. Rxa4 Rf6+ 49. Rf4 Re6 50. Rf7 Kg6 51. Rf8 Kh7 52. g4
Kg6 1-0

[Event "Gibtelecom AmatWk2 7th"]
[Site "Gibraltar"]
[Date "2009.02.01"]
[Round "1.10"]
[White "Foran, Barry"]
[Black "Wright, Jonathan"]
[Result "0-1"]
[WhiteElo "1285"]
[BlackElo "1696"]
[PlyCount "96"]
[EventDate "2009.02.01"]
[EventType "swiss"]
[EventRounds "5"]
[EventCountry "GGB"]
[SourceTitle "BritBase"]
[Source "www.saund.co.uk"]
[SourceDate "2018.02.10"]
[SourceVersion "1"]
[SourceVersionDate "2018.02.10"]
[SourceQuality "1"]

1. d4 Nf6 2. Nf3 g6 3. Nc3 d5 4. Bf4 Bg7 5. e3 O-O 6. Be2 c6 7. Ne5 Nfd7 8. Nd3
f6 9. h4 e5 10. Bg3 Qe7 11. Qd2 Nb6 12. Nc5 N8d7 13. Nxd7 Bxd7 14. O-O-O e4 15.
Bf4 Rac8 16. g4 c5 17. g5 cxd4 18. exd4 f5 19. h5 a6 20. hxg6 hxg6 21. Rh3 Kf7
22. Rh7 Rh8 23. Rdh1 Rxh7 24. Rxh7 Rh8 25. Rxg7+ Kxg7 26. Be5+ Kg8 27. Bxh8
Kxh8 28. Qf4 Kg7 29. Qh4 Qe6 30. Qf4 Nc8 31. f3 Nd6 32. Nd1 Bc6 33. Ne3 b5 34.
fxe4 Qxe4 35. Qxe4 Nxe4 36. Bf3 f4 37. Bxe4 dxe4 38. d5 Bb7 39. d6 Kf7 40. Ng4
Ke6 41. d7 Kxd7 42. Ne5+ Ke6 43. Nxg6 Kf5 44. Nxf4 Kxf4 45. g6 Bd5 46. b3 Kf3
47. Kd2 Kf2 48. a4 e3+ 0-1

[Event "Gibtelecom AmatWk2 7th"]
[Site "Gibraltar"]
[Date "2009.02.01"]
[Round "1.11"]
[White "Goodfellow, Russell"]
[Black "Jones, Sidney A"]
[Result "1-0"]
[WhiteElo "1688"]
[BlackElo "1280"]
[PlyCount "51"]
[EventDate "2009.02.01"]
[EventType "swiss"]
[EventRounds "5"]
[EventCountry "GGB"]
[SourceTitle "BritBase"]
[Source "www.saund.co.uk"]
[SourceDate "2018.02.10"]
[SourceVersion "1"]
[SourceVersionDate "2018.02.10"]
[SourceQuality "1"]

1. e4 e5 2. Nf3 Nc6 3. d4 exd4 4. Nxd4 Nf6 5. Nxc6 bxc6 6. e5 Qe7 7. Qe2 Nd5 8.
g3 a5 9. c4 Ba6 10. Nd2 Qg5 11. f4 Qg6 12. Bg2 Bc5 13. Be4 Qe6 14. cxd5 Bxe2
15. dxe6 Bg4 16. exd7+ Kxd7 17. h3 Be6 18. f5 Bd5 19. Bxd5 cxd5 20. Nb3 Bb6 21.
Bf4 g6 22. O-O-O c6 23. fxg6 hxg6 24. h4 Ke6 25. Rhe1 Rac8 26. Nd4+ 1-0

[Event "Gibtelecom AmatWk2 7th"]
[Site "Gibraltar"]
[Date "2009.02.01"]
[Round "1.12"]
[White "Bath, Tom"]
[Black "Hannan, Peter"]
[Result "1-0"]
[WhiteElo "1192"]
[BlackElo "1680"]
[PlyCount "71"]
[EventDate "2009.02.01"]
[EventType "swiss"]
[EventRounds "5"]
[EventCountry "GGB"]
[SourceTitle "BritBase"]
[Source "www.saund.co.uk"]
[SourceDate "2018.02.10"]
[SourceVersion "1"]
[SourceVersionDate "2018.02.10"]
[SourceQuality "1"]

1. e4 e5 2. f4 d5 3. exd5 e4 4. Nc3 Nf6 5. d3 Bb4 6. a3 Bxc3+ 7. bxc3 Qxd5 8.
dxe4 Qxd1+ 9. Kxd1 Nxe4 10. Ke1 O-O 11. Bb2 Be6 12. Nf3 Re8 13. Be2 c5 14. Kf1
Nc6 15. Ng5 Nxg5 16. fxg5 Rad8 17. Rd1 Bf5 18. Kf2 Bxc2 19. Rxd8 Rxd8 20. h4
Ne5 21. Re1 c4 22. Bc1 b5 23. Bf4 Ng6 24. Bc7 Re8 25. g3 Ne5 26. g4 Re7 27. Bd6
Re6 28. Bc7 f6 29. gxf6 gxf6 30. g5 fxg5 31. Bxe5 Rxe5 32. Bxc4+ bxc4 33. Rxe5
gxh4 34. Rh5 Kg7 35. Rxh4 Bd3 36. Rh5 1-0

[Event "Gibtelecom AmatWk2 7th"]
[Site "Gibraltar"]
[Date "2009.02.01"]
[Round "1.14"]
[White "Cox, Marian"]
[Black "Kuenitz, Klaus"]
[Result "0-1"]
[WhiteElo "1192"]
[BlackElo "1663"]
[PlyCount "91"]
[EventDate "2009.02.01"]
[EventType "swiss"]
[EventRounds "5"]
[EventCountry "GGB"]
[SourceTitle "BritBase"]
[Source "www.saund.co.uk"]
[SourceDate "2018.02.10"]
[SourceVersion "1"]
[SourceVersionDate "2018.02.10"]
[SourceQuality "1"]

1. e4 e6 2. d4 d5 3. Nc3 dxe4 4. Nxe4 Nd7 5. Nf3 Ngf6 6. Nxf6+ Nxf6 7. Bg5 Be7
8. Bc4 O-O 9. O-O b6 10. Re1 Bb7 11. c3 Nd5 12. Bxe7 Qxe7 13. Qd2 Nf6 14. Be2
Rad8 15. Qc2 c5 16. Rad1 Bxf3 17. Bxf3 cxd4 18. Rxd4 Rxd4 19. cxd4 Rd8 20. Qc4
Qd6 21. Rd1 g6 22. g3 Nd5 23. a3 Kg7 24. Kg2 h5 25. h4 f5 26. Bxd5 Qxd5+ 27.
Qxd5 Rxd5 28. f4 Kf7 29. Kf3 Ke7 30. Ke3 Rb5 31. Rd2 Kd6 32. Kd3 Rb3+ 33. Kc4
Rxg3 34. d5 b5+ 35. Kxb5 exd5 36. Ka6 Rb3 37. Kxa7 Kc5 38. Ka6 d4 39. Ka5 Kd5
40. Ka4 Rb8 41. b3 Ke4 42. b4 Ke3 43. Rd1 d3 44. Kb3 Ke2 45. Rb1 d2 46. Kc2 0-1

[Event "Gibtelecom AmatWk2 7th"]
[Site "Gibraltar"]
[Date "2009.02.01"]
[Round "1.15"]
[White "Wiltshire, Michael R"]
[Black "Salomon, Johan"]
[Result "1-0"]
[WhiteElo "1656"]
[BlackElo "1174"]
[PlyCount "115"]
[EventDate "2009.02.01"]
[EventType "swiss"]
[EventRounds "5"]
[EventCountry "GGB"]
[SourceTitle "BritBase"]
[Source "www.saund.co.uk"]
[SourceDate "2018.02.10"]
[SourceVersion "1"]
[SourceVersionDate "2018.02.10"]
[SourceQuality "1"]

1. d4 Nf6 2. f3 d5 3. e4 dxe4 4. Nc3 exf3 5. Nxf3 g6 6. Bd3 Bg7 7. Bg5 O-O 8.
O-O Bg4 9. Ne2 Nd5 10. c3 h6 11. Bd2 Nb6 12. Be4 c6 13. h3 Bxf3 14. Bxf3 Nd5
15. Qc1 Kh7 16. Qc2 Re8 17. Rad1 e6 18. Bc1 Qe7 19. Nf4 Na6 20. Nh5 Kg8 21.
Nxg7 Kxg7 22. Qd2 Rh8 23. Qe2 Ndc7 24. Rf2 Raf8 25. Re1 Ne8 26. Be4 Nd6 27. Bc2
Nf5 28. g4 Nd6 29. c4 Nc7 30. Bf4 Nce8 31. a4 f6 32. Qe3 f5 33. Be5+ Nf6 34.
Qe2 Nf7 35. Bh2 Qd7 36. Qd2 Ng5 37. Qe3 Nf7 38. Rd1 Nd6 39. c5 Nf7 40. Qg3 Kh7
41. Qh4 g5 42. Qg3 Ne4 43. Bxe4 fxe4 44. Qe3 Qd5 45. Rdf1 Kg7 46. Rxf7+ Rxf7
47. Be5+ Kg8 48. Rxf7 Kxf7 49. Bxh8 Kg8 50. Be5 Qa2 51. b3 Qb1+ 52. Kg2 Qc2+
53. Kg3 Qb1 54. Bd6 Qc2 55. b4 a6 56. a5 Kg7 57. Qf2 Kg6 58. Be5 1-0

[Event "Gibtelecom AmatWk2 7th"]
[Site "Gibraltar"]
[Date "2009.02.01"]
[Round "1.16"]
[White "Bishop, Geoffrey L"]
[Black "Cox, Reginald"]
[Result "1-0"]
[WhiteElo "1616"]
[BlackElo "1088"]
[PlyCount "63"]
[EventDate "2009.02.01"]
[EventType "swiss"]
[EventRounds "5"]
[EventCountry "GGB"]
[SourceTitle "BritBase"]
[Source "www.saund.co.uk"]
[SourceDate "2018.02.10"]
[SourceVersion "1"]
[SourceVersionDate "2018.02.10"]
[SourceQuality "1"]

1. e4 c5 2. Nf3 Nc6 3. d4 cxd4 4. Nxd4 Nf6 5. Nc3 e5 6. Ndb5 d6 7. Bg5 Be7 8.
Bd3 a6 9. Na3 h6 10. Bxf6 Bxf6 11. Nd5 Be6 12. c3 Bxd5 13. exd5 Ne7 14. O-O O-O
15. Qf3 b5 16. Nc2 Qd7 17. Ne3 Qb7 18. Rad1 Rac8 19. Nf5 Nxf5 20. Qxf5 g6 21.
Qxf6 Rcd8 22. f4 Qxd5 23. Bxg6 Qc5+ 24. Kh1 fxg6 25. Qxg6+ Kh8 26. Qxh6+ Kg8
27. Qg6+ Kh8 28. Rf3 Qc8 29. Qh6+ Kg8 30. Rg3+ Kf7 31. Rg7+ Ke8 32. Qg6+ 1-0

[Event "Gibtelecom AmatWk2 7th"]
[Site "Gibraltar"]
[Date "2009.02.01"]
[Round "1.17"]
[White "Feeney, James"]
[Black "Hermes, Geoff R"]
[Result "0-1"]
[WhiteElo "1080"]
[BlackElo "1616"]
[PlyCount "67"]
[EventDate "2009.02.01"]
[EventType "swiss"]
[EventRounds "5"]
[EventCountry "GGB"]
[SourceTitle "BritBase"]
[Source "www.saund.co.uk"]
[SourceDate "2018.02.10"]
[SourceVersion "1"]
[SourceVersionDate "2018.02.10"]
[SourceQuality "1"]

1. f4 d6 2. Nf3 Nf6 3. e3 Nbd7 4. Be2 e5 5. fxe5 Nxe5 6. Nxe5 dxe5 7. O-O Bd6
8. d3 O-O 9. e4 Be6 10. Nd2 c6 11. Nf3 Qb6+ 12. Kh1 Ng4 13. d4 exd4 14. Bd3 Ne5
15. Nxe5 Bxe5 16. b3 Qc7 17. Qh5 g6 18. Qh4 Bg7 19. Bh6 Bxh6 20. Qxh6 Qe5 21.
Rae1 c5 22. g3 a6 23. Rf2 f6 24. Ref1 Qg5 25. Qxg5 fxg5 26. e5 Rxf2 27. Rxf2
Rf8 28. Kg1 Rxf2 29. Kxf2 Bd5 30. g4 Kf7 31. Be2 Ke6 32. Bf3 Bxf3 33. Kxf3 Kxe5
34. h3 0-1

[Event "Gibtelecom AmatWk2 7th"]
[Site "Gibraltar"]
[Date "2009.02.01"]
[Round "1.18"]
[White "Izzard, Brian J"]
[Black "Stoop, Michael"]
[Result "1-0"]
[WhiteElo "1608"]
[BlackElo "1080"]
[PlyCount "55"]
[EventDate "2009.02.01"]
[EventType "swiss"]
[EventRounds "5"]
[EventCountry "GGB"]
[SourceTitle "BritBase"]
[Source "www.saund.co.uk"]
[SourceDate "2018.02.10"]
[SourceVersion "1"]
[SourceVersionDate "2018.02.10"]
[SourceQuality "1"]

1. d4 Nf6 2. Bg5 Ne4 3. Bf4 g6 4. f3 Nf6 5. e4 Bg7 6. c4 d6 7. Nc3 Nbd7 8. Nge2
O-O 9. Qd2 e6 10. O-O-O b6 11. h4 Bb7 12. g4 Re8 13. h5 Nf8 14. Bh6 Bh8 15.
Bxf8 Rxf8 16. Ng3 c5 17. d5 exd5 18. exd5 Re8 19. Bd3 Nd7 20. hxg6 fxg6 21. Qh6
Qe7 22. Bxg6 Qe3+ 23. Qxe3 Rxe3 24. Bxh7+ Kf7 25. Be4 Nf6 26. Nf5 Nxe4 27. fxe4
Be5 28. Nxe3 1-0

[Event "Gibtelecom AmatWk2 7th"]
[Site "Gibraltar"]
[Date "2009.02.01"]
[Round "1.19"]
[White "Benson, Nicola"]
[Black "Rough, Robert E"]
[Result "0-1"]
[WhiteElo "813"]
[BlackElo "1607"]
[PlyCount "78"]
[EventDate "2009.02.01"]
[EventType "swiss"]
[EventRounds "5"]
[EventCountry "GGB"]
[SourceTitle "BritBase"]
[Source "www.saund.co.uk"]
[SourceDate "2018.02.10"]
[SourceVersion "1"]
[SourceVersionDate "2018.02.10"]
[SourceQuality "1"]

1. d4 Nf6 2. Nf3 d5 3. e3 e6 4. Bd3 c5 5. b3 Nc6 6. Bb2 Bd6 7. Ne5 O-O 8. O-O
cxd4 9. exd4 Qc7 10. f4 Qb6 11. Re1 Nb4 12. Bf1 Qc7 13. c3 Nc6 14. Bd3 Ne7 15.
Nd2 Ng6 16. Qf3 Bd7 17. g4 Ne7 18. Kh1 g6 19. Rg1 b5 20. Qh3 Kg7 21. g5 Nh5 22.
Rg4 Rh8 23. Ndf3 f6 24. gxf6+ Nxf6 25. Rh4 Nf5 26. Bxf5 exf5 27. Ng5 Raf8 28.
Rg1 Bxe5 29. dxe5 Nh5 30. c4 d4 31. Bxd4 Bc6+ 32. Nf3 Qb7 33. e6+ Nf6 34. Qxf5
Bxf3+ 35. Rg2 Bxg2+ 36. Kg1 gxf5 37. e7 Qxe7 38. Kxg2 Qe2+ 39. Bf2 Ng4 0-1

[Event "Gibtelecom AmatWk2 7th"]
[Site "Gibraltar"]
[Date "2009.02.01"]
[Round "1.20"]
[White "Hadrych, Craig"]
[Black "Ruiz, Jose Mari"]
[Result "1-0"]
[WhiteElo "1600"]
[BlackElo "700"]
[PlyCount "85"]
[EventDate "2009.02.01"]
[EventType "swiss"]
[EventRounds "5"]
[EventCountry "GGB"]
[SourceTitle "BritBase"]
[Source "www.saund.co.uk"]
[SourceDate "2018.02.10"]
[SourceVersion "1"]
[SourceVersionDate "2018.02.10"]
[SourceQuality "1"]

1. f4 d5 2. Nf3 Nf6 3. e3 Nc6 4. d4 Bf5 5. Bb5 a6 6. Bd3 e6 7. O-O Bd6 8. c3
O-O 9. Qc2 Qd7 10. Nbd2 Bxd3 11. Qxd3 Qe7 12. Ne5 Rfe8 13. e4 a5 14. Nxc6 bxc6
15. e5 Bxe5 16. fxe5 Ng4 17. Nf3 f5 18. h3 Nh6 19. Bxh6 gxh6 20. Qe3 Qg7 21.
Qf4 Kh8 22. Rf2 Qg8 23. Qxh6 Re7 24. Ne1 Rg7 25. Nd3 Rg6 26. Qh4 Qg7 27. Rd1
Rg8 28. Rdd2 Rh6 29. Qf4 a4 30. Qf3 a3 31. bxa3 Rb8 32. Rb2 Rxb2 33. Rxb2 Qg8
34. Nf4 Qf8 35. Nh5 Qe8 36. Nf6 Qd8 37. Qd1 Rg6 38. Qb1 f4 39. Rb8 Qxb8 40.
Qxb8+ Kg7 41. Qg8+ Kh6 42. Qxh7+ Kg5 43. Qh5# 1-0

[Event "Gibtelecom AmatWk2 7th"]
[Site "Gibraltar"]
[Date "2009.02.01"]
[Round "1.21"]
[White "Cramling Bellon, Anna Yolanda"]
[Black "Manetto, Luis"]
[Result "0-1"]
[WhiteElo "1000"]
[BlackElo "1602"]
[PlyCount "82"]
[EventDate "2009.02.01"]
[EventType "swiss"]
[EventRounds "5"]
[EventCountry "GGB"]
[SourceTitle "BritBase"]
[Source "www.saund.co.uk"]
[SourceDate "2018.02.10"]
[SourceVersion "1"]
[SourceVersionDate "2018.02.10"]
[SourceQuality "1"]

1. d4 Nf6 2. Bg5 e6 3. Nc3 Be7 4. Qd3 d5 5. O-O-O h6 6. Bh4 Nbd7 7. Qf3 O-O 8.
e3 a6 9. e4 Nxe4 10. Bxe7 Qxe7 11. Nxe4 dxe4 12. Qxe4 Nf6 13. Qd3 Bd7 14. Qf3
Bc6 15. Qe2 Nd5 16. Qd3 Nf4 17. Qd2 Nxg2 18. Qd3 Qg5+ 19. Rd2 Nf4 20. Qe3 Bxh1
21. Ne2 Nxe2+ 22. Bxe2 Bd5 23. Qd3 Qg1+ 24. Rd1 Qxh2 25. c3 Bxa2 26. Re1 Qf4+
27. Kc2 b5 28. Rd1 Bc4 29. Qe3 Qxe3 30. fxe3 Bxe2 31. Rg1 Rfc8 32. Rg2 Bh5 33.
Rh2 Bg6+ 34. Kd2 c5 35. dxc5 Rxc5 36. b3 Rd8+ 37. Ke1 Rxc3 38. Ke2 Rc2+ 39. Kf1
Rxh2 40. Kg1 Rb2 41. b4 Rd1# 0-1

[Event "Gibtelecom AmatWk2 7th"]
[Site "Gibraltar"]
[Date "2009.02.02"]
[Round "2.1"]
[White "Wiltshire, Michael R"]
[Black "Aagedal, Geir Ole"]
[Result "1-0"]
[WhiteElo "1656"]
[BlackElo "1832"]
[PlyCount "75"]
[EventDate "2009.02.01"]
[EventType "swiss"]
[EventRounds "5"]
[EventCountry "GGB"]
[SourceTitle "BritBase"]
[Source "www.saund.co.uk"]
[SourceDate "2018.02.10"]
[SourceVersion "1"]
[SourceVersionDate "2018.02.10"]
[SourceQuality "1"]

1. d4 Nf6 2. c4 e6 3. Nc3 Bb4 4. Qc2 O-O 5. a3 Bxc3+ 6. bxc3 d5 7. Bg5 Nbd7 8.
e3 Re8 9. cxd5 exd5 10. Bd3 Nf8 11. Nf3 Qd6 12. O-O c6 13. Bf4 Qd8 14. Bg5 Qd6
15. Bxf6 Qxf6 16. Rae1 Qd6 17. e4 dxe4 18. Bxe4 Bg4 19. Ne5 Be6 20. f4 Qxa3 21.
f5 Bb3 22. Qd2 f6 23. Nd3 Bc4 24. Ra1 Qd6 25. Bf3 a6 26. Rfe1 Bxd3 27. Qxd3 Nd7
28. Qc4+ Kh8 29. Bh5 Re7 30. Rxe7 Qxe7 31. Qe6 Qd8 32. Re1 Nf8 33. Qf7 Qa5 34.
Re7 Qa1+ 35. Kf2 Qb2+ 36. Kg3 Qxc3+ 37. Bf3 Ne6 38. Re8+ 1-0

[Event "Gibtelecom AmatWk2 7th"]
[Site "Gibraltar"]
[Date "2009.02.02"]
[Round "2.2"]
[White "Hashimov, Gasim"]
[Black "Bishop, Geoffrey L"]
[Result "0-1"]
[WhiteElo "1810"]
[BlackElo "1616"]
[PlyCount "88"]
[EventDate "2009.02.01"]
[EventType "swiss"]
[EventRounds "5"]
[EventCountry "GGB"]
[SourceTitle "BritBase"]
[Source "www.saund.co.uk"]
[SourceDate "2018.02.10"]
[SourceVersion "1"]
[SourceVersionDate "2018.02.10"]
[SourceQuality "1"]

1. d4 Nf6 2. c4 g6 3. Nc3 Bg7 4. e4 O-O 5. Bd3 d6 6. Nf3 e5 7. O-O Nc6 8. d5
Ne7 9. Nh4 c6 10. f4 exf4 11. Bxf4 Qb6+ 12. Kh1 Qxb2 13. Bxd6 Qxc3 14. Bxe7 Re8
15. Rc1 Qe5 16. d6 Ng4 17. Nf3 Qh5 18. Qe1 Bh6 19. Rc3 b6 20. c5 bxc5 21. Rxc5
Qxc5 22. d7 Qxe7 23. dxe8=Q+ Qxe8 24. h3 Nf6 25. Nd4 Nh5 26. Qf2 Nf4 27. Bc4 c5
28. Nb5 Qxe4 29. Bxf7+ Kh8 30. Re1 Qxg2+ 31. Qxg2 Nxg2 32. Re5 Kg7 33. Bd5 Rb8
34. Nxa7 Rb2 35. Nxc8 Nf4 36. Bc4 Nxh3 37. Re7+ Kf6 38. Re6+ Kg5 39. Nd6 Nf2+
40. Kg1 Nh3+ 41. Kf1 Rc2 42. Re1 Bg7 43. a4 Nf2 44. Kg1 Bd4 0-1

[Event "Gibtelecom AmatWk2 7th"]
[Site "Gibraltar"]
[Date "2009.02.02"]
[Round "2.3"]
[White "Kennedy, Philip J"]
[Black "Izzard, Brian J"]
[Result "1/2-1/2"]
[WhiteElo "1752"]
[BlackElo "1608"]
[PlyCount "48"]
[EventDate "2009.02.01"]
[EventType "swiss"]
[EventRounds "5"]
[EventCountry "GGB"]
[SourceTitle "BritBase"]
[Source "www.saund.co.uk"]
[SourceDate "2018.02.10"]
[SourceVersion "1"]
[SourceVersionDate "2018.02.10"]
[SourceQuality "1"]

1. Nf3 d5 2. g3 c5 3. Bg2 Nf6 4. O-O Nc6 5. d3 e5 6. Bg5 h6 7. Bxf6 Qxf6 8.
Nfd2 Qd8 9. Nc3 Be6 10. e4 d4 11. Nd5 Qd7 12. f4 O-O-O 13. Nc4 Kb8 14. f5 Bxd5
15. exd5 Nb4 16. Nxe5 Qc7 17. Nc4 Bd6 18. Nxd6 Qxd6 19. Qd2 Nxd5 20. Bxd5 Qxd5
21. Qf4+ Ka8 22. Rfe1 Rhe8 23. b3 a6 24. Kf2 Qd7 1/2-1/2

[Event "Gibtelecom AmatWk2 7th"]
[Site "Gibraltar"]
[Date "2009.02.02"]
[Round "2.4"]
[White "Hermes, Geoff R"]
[Black "Viera Falcon, Cristo"]
[Result "1/2-1/2"]
[WhiteElo "1616"]
[BlackElo "1750"]
[PlyCount "104"]
[EventDate "2009.02.01"]
[EventType "swiss"]
[EventRounds "5"]
[EventCountry "GGB"]
[SourceTitle "BritBase"]
[Source "www.saund.co.uk"]
[SourceDate "2018.02.10"]
[SourceVersion "1"]
[SourceVersionDate "2018.02.10"]
[SourceQuality "1"]

1. e4 d5 2. exd5 Nf6 3. Nc3 Nxd5 4. Nxd5 Qxd5 5. d4 Nc6 6. Be3 e5 7. dxe5 Qxe5
8. c3 Bc5 9. Nf3 Qe7 10. Be2 Bxe3 11. fxe3 Qxe3 12. Qd3 Qc5 13. Qc4 Qxc4 14.
Bxc4 Be6 15. Bxe6 fxe6 16. O-O O-O 17. Rae1 Rae8 18. Re2 Re7 19. Rfe1 Rfe8 20.
b4 b5 21. Ne5 Nxe5 22. Rxe5 c6 23. Rc5 Rc8 24. c4 a6 25. cxb5 axb5 26. a4 bxa4
27. b5 Kf7 28. bxc6 Rec7 29. Ra5 Rxc6 30. Rxa4 Rc1 31. Rxc1 Rxc1+ 32. Kf2 Rc3
33. Ra7+ Kf6 34. Ra6 h5 35. Rb6 g5 36. Ra6 h4 37. Ra8 Kf5 38. Ra5+ e5 39. Ra8
Rc2+ 40. Kf1 h3 41. gxh3 Rxh2 42. Rh8 Kf4 43. Kg1 Rc2 44. Kf1 Rh2 45. Kg1 Ra2
46. Kf1 e4 47. Rf8+ Ke3 48. Rf5 Rh2 49. Rxg5 Rxh3 50. Rg8 Kd2 51. Rd8+ Rd3 52.
Re8 e3 1/2-1/2